1764 1633 1214 1943 1025 1236 1259 1034 1169 1953 1701 1530 1654 1227 1008 1435 1343 1477 1077 1212 1612 1693 1068 1204 1494 1969 1143 1975 1032 1073 1010 1813 1576 1910 1710 1758 1572 1192 1177 1878 1554 1866 1344 1494 1042 1417 1076 1406 1520 1306 1438 1551 1514 1650 1140 1363 1373 1391 1068 1093 1453 1164 1742 1181 1887 1492 1552 1335 1787 1758 1512 1621 1348 1602 1899 1529 1206 1882 1264 1210 1551 1475 1746 1168 1795 1459 1045 1191 1093 1812 1489 1343 1033 1645 1288 1448 1557 1942 1734 BCNSPRNW ULIB Ver.6.0+V

เปลี่ยนเป็นภาษาไทย

Change to English
 แสดงรายละเอียดบรรณานุกรม
  กลับหน้าหลัก

Brief Record : Get Marc (ISO 2709) : E-mail record : QR code < ปิดหน้าต่าง
LEADER : 00000nam 2200000uu 4500
001    13399127185
003     ULIB
008    191021s2562||||th 000 0 tha d
020 ^  ^a9786168142363
050  0 ^aนว.^bป534ร
100 0  ^aปัณภัส.
245 1  ^aรัก (กรรณ) วันละนิด /^cปัณภัส.
260 ^  ^aกรุงเทพฯ :^bทัช,^c2562.
300 ^  ^a272 หน้า ;^c21 ซม.
945    ^p230^l0^i27877
999    ^aกัณชพร จุลอักษร
รายการนี้ยังไม่มีแท็ก
คุณยังไม่ได้ล็อกอิน คุณสามารถมีกิจกรรมร่วมกับเว็บไซต์ได้ แต่ต้องล็อกอินก่อน ::
  ล็อกอิน

รายการสื่อสารสนเทศ

ลำดับที่ ประเภท เลขเรียก/บาร์โค้ด สถานที่ สถานะ
1. วิทยาศาสตร์การแพทย์ และสุขภาพ
วิทยาศาสตร์การแพทย์ และสุขภาพ
นว. ป534ร ฉ.1 
  Barcode: 27877
ห้องสมุดวิทยาเขตนครสวรรค์
►นวนิยาย:l:Fiction
บนชั้น

รายการใกล้เคียง
    ผู้แต่ง [ปัณภัส.]

BibComment


ยังไม่เคยถูกคอมเมนท์

คอมเมนท์ทรัพยากรรายการนี้
  คอมเมนท์: รัก กรรณ วันละนิ..


 Copyright 2026. Bcnsprnw @Library